000 00309nam a22001457a 4500
008 230418b ||||| |||| 00| 0 eng d
020 _a20499450
041 _aeng
080 _a616.8
082 _a616.8CAT
100 _a12
101 _aKANC
245 _aVIUSID AND OCOXIN
_cCATALYSIS
942 _2udc
_cBK
999 _c59576
_d59576